World trade atlas : Australia edition, June 2000 [
| Format: | Book |
|---|---|
| Published: |
Columbia, S.C:
Global Trade Information Services,
2000.
|
| Subjects: |
| LEADER | 00493cam a2200133 7i4500 | ||
|---|---|---|---|
| 001 | 0000010121 | ||
| 005 | 20010924090000.0 | ||
| 090 | 0 | 0 | |a CD-ROM 165-1(6) |b WOR |
| 245 | 0 | 0 | |a World trade atlas : |b Australia edition, June 2000 [ |m electronic resources]. |
| 260 | 0 | 0 | |a Columbia, S.C: |b Global Trade Information Services, |c 2000. |
| 300 | # | # | |a Electronic computer optical disc (CD-ROM). |
| 650 | 0 | 0 | |a Statistics -- |z Australia |
| 651 | 0 | 0 | |a Australia |
| 999 | |a CDR000306B |b CD-ROM |c AV Collection |e Business Information Centre | ||